Bulgarian Emigration - a Closer Look

Enregistré dans:
Détails bibliographiques
Auteur principal: Bagatelas, William T.
Autres auteurs: Kubicová, Jana, 1961-
Format: Chapitre de livre
Langue:anglais
Tags: Ajouter un tag
Pas de tags, Soyez le premier à ajouter un tag!

MARC

LEADER 00000naa$a2200000$$$4500
001 0062004
005 20240502071710.8
041 0 |a eng 
044 |a SK 
245 1 0 |a Bulgarian Emigration - a Closer Look  |c William T. Bagatelas, Jana Kubicová 
100 1 |a Bagatelas, William T. 
700 1 |a Kubicová, Jana, 1961-